000 00851cam a22002411i 4500
003 SA-RiAUC
005 20250928080639.0
008 250805s1964 ua g f00000 ara c
040 _aSA-JeALM
_bara
_cSA-RiAUC
_erda
082 0 4 _a214.909
_qSA-RiAUC
090 _a214.909
_bب هـ ي
100 1 _aالبهي، محمد،
_d1905-1982
_eمؤلف.
245 1 2 _aالدين والحضارة الإنسانية /
_cبقلم محمد البهي.
264 1 _aالقاهرة :
_bدار الهلال،
_c1964
300 _a313 صفحة ؛
_c18 سم.
336 _aنص
_btxt
_2rdacontent
_3كتاب
337 _aبدون وسيط
_bn
_2rdamedia
338 _aمجلد
_bnc
_2rdacarrier
490 0 _aكتاب الهلال ؛
_v157
650 7 _aالإسلام والحضارة
_2aucsh
942 _2ddc
_cBOOK
_n0
949 _aSA-JeALM
_d250805
_uosman123
_n1
999 _c12136
_d12136